Surrealisté - Jejich bouřlivé osudy Umění zrozené v hluku, kouři a vášni

Saved in:
Bibliographic Details
Main Author Roe, Sue
Format Electronic eBook
LanguageCzech
Published Metafora 2026
Edition1. elektronické vydání
Subjects
Online AccessDostupné v BOOKPORT po přihlášení pomocí eduID
ISBN978-80-271-6295-6
978-80-271-6296-3
978-80-7625-353-7
Physical Description1 online zdroj (320 stran)

Cover

LEADER 00000nam a2200000 i 4500
001 bkp14493
003 CZ-prgp
005 20260407112623.0
006 m o d
007 cr cn
008 260407s2026 xr o 000 1 cze
020 |a 978-80-271-6295-6  |c 399 Kč  |q (online ; pdf) 
020 |a 978-80-271-6296-3  |c 399 Kč  |q (online ; epub) 
020 |a 978-80-7625-353-7  |c 478 Kč  |q (print) 
040 |a Grada  |b cze  |e rda 
100 1 |a Roe, Sue 
245 1 0 |a Surrealisté - Jejich bouřlivé osudy  |b Umění zrozené v hluku, kouři a vášni  |c Sue Roe 
250 |a 1. elektronické vydání 
264 1 |b Metafora  |c 2026 
300 |a 1 online zdroj (320 stran) 
336 |a text  |b txt  |2 rdacontent 
337 |a počítač  |b c  |2 rdamedia 
338 |a online zdroj  |b cr  |2 rdacarrier 
520 3 |a Impresionisté objevili pro svět umění Paříž, modernisté přilehlý Montmartre. Pro surrealisty, se místem zrodu stal Monparnasse, kde se kavárenské stolky a ateliéry stávají svědky bouřlivých vztahů nové generace umělců. Autorka románů Impresionisté a Modernisté vypráví příběh Duchampa, Mana Raye, Ernsta i Dalího jako živou kroniku umělecké revoluce. 
650 0 4 |a Biografické romány 
856 4 0 |u https://www.bookport.cz/AccountSaml/SignIn/?idp=https://shibboleth.utb.cz/idp/shibboleth&returnUrl=/kniha/surrealiste-jejich-bourlive-osudy-15944/  |y Dostupné v BOOKPORT po přihlášení pomocí eduID